000 00776nas a2200241 4500
001 BR2010004998
003 BR-BrBNA
005 20231205114325.0
007 ta
008 230509b bl.|||p| |||| 00| 00por d
040 _aBR-BrBNA
_bpor
_cBiblioteca Nacional de Agricultura
041 _a(Pt)
072 _aH20
100 1 _aMachado, M.A. de C.F.
100 1 _aBettiol, W.
245 1 _aPotencial para o biocontrole de Botrytis cinerea por leveduras em sistema integrado de cultivo de lírio
650 _aLÍRIO
650 _aCONTROLE BIOLÓGICO
650 _aANTAGONISMO
773 0 _tPesquisa Agropecuária Brasileira (Brazil)
_xISSN 0100-204X
_g(Jun 2010), v. 45(6) p. 539-545
_wBR2010004998
909 _a202311
_bLúcia
_c55
_dLúcia Elande
942 _2AGRIS
_n0
_cANA
999 _c208232
_d208232